000 01337nam a2200433 a 4500
005 20191224041535.0
008 140221b1986 ck ||||| |||| 00| 0 spa d
041 _aspa
044 _ack
090 _aLB
_b00568
111 _aCongreso Sociedad de Entomología
_cCali
_d1986
_98341
245 _aCongreso sociedad colombiana de entomología
_bresúmenes
260 _aCali
_bSOCOLEN
_c1986
300 _a9 vol.
505 _aVol. 1: XIII Congreso
505 _aVol. 2: X Congreso
505 _aVol. 3: XVI Congreso
505 _aVol. 4: XX Congreso
505 _aVol. 5: XXI Congreso
505 _aVol. 6: XXVI Congreso
505 _aVol. 7: XXVIII Congreso
505 _aVol. 8: XXIX Congreso
505 _aVol. 9: XXX Congreso
650 _aEntomología
_94483
650 _aInvestigación científica
_92634
650 _aEcología de poblaciones
_93557
650 _aEcología de comunidades
_93558
650 _aPlagas
_93536
650 _aAdaptación
_98288
650 _aInteracción biológica
_93590
650 _aInteracción ecológica
_93589
650 _aControl biológico
_96833
650 _aMétodos de campo
_93855
650 _aEcofisiología
_93616
650 _aColecciones biológicas
_94146
650 _aPolinización
_97573
650 _aMonitoreo biológico
_93265
942 _cImpreso
_2z
999 _c586
_d586